书目信息 |
| 题名: |
最易犯错的汉译英268例
|
|
| 作者: | 汪静 主编 | |
| 分册: | ||
| 出版信息: | 天津 天津科技翻译出版公司 2009.09 |
|
| 页数: | 277页 | |
| 开本: | 21cm | |
| 丛书名: | 英语学习超级纠错系列 | |
| 单 册: | ||
| 中图分类: | H315.9 | |
| 科图分类: | ||
| 主题词: | 英语--ying yu--翻译--自学参考资料 | |
| 电子资源: | ||
| ISBN: | 978-7-5433-2443-5 | |
| 000 | 01016nam 2200253 450 | |
| 001 | 012010896802 | |
| 005 | 20100103103203.92 | |
| 010 | @a978-7-5433-2443-5@dCNY19.80 | |
| 100 | @a20100103d2009 em y0chiy0120 ea | |
| 101 | 0 | @achi@aeng |
| 102 | @aCN@b120000 | |
| 105 | @ay z 000yy | |
| 106 | @ar | |
| 200 | 1 | @a最易犯错的汉译英268例@Azui yi fan cuo de han yi ying 268 li@f汪静主编@Fwang jing zhu bian |
| 210 | @a天津@c天津科技翻译出版公司@d2009.09 | |
| 215 | @a277页@d21cm | |
| 225 | 2 | @a英语学习超级纠错系列@Aying yu xue xi chao ji jiu cuo xi lie |
| 330 | @a本书集中了268个国内英语学习者在汉译英过程中高频出现的错误,详细分析了出现误译、漏译、错译的原因。向读者提供正确的英语表达方式和翻译技巧,并介绍了相关的文化背景知识,从而使读者在纠错的同时不断提高英语应用水平和翻译实践技能。 | |
| 410 | 0 | @12001 @a英语学习超级纠错系列 |
| 606 | 0 | @a英语@Aying yu@x翻译@j自学参考资料 |
| 690 | @aH315.9@v4 | |
| 701 | 0 | @a汪静@Awang jing@4主编 |
| 801 | 0 | @aCN@bQSSK@c20100103 |
| 905 | @b770246-50@dH315.9@eW062@f5 | |
| 最易犯错的汉译英268例/汪静主编.-天津:天津科技翻译出版公司,2009.09 |
| 277页;21cm.-(英语学习超级纠错系列) |
| ISBN 978-7-5433-2443-5:CNY19.80 |
| 本书集中了268个国内英语学习者在汉译英过程中高频出现的错误,详细分析了出现误译、漏译、错译的原因。向读者提供正确的英语表达方式和翻译技巧,并介绍了相关的文化背景知识,从而使读者在纠错的同时不断提高英语应用水平和翻译实践技能。 |
| ● |
| 相关链接 |
|
|
|
正题名:最易犯错的汉译英268例
索取号:H315.9/W062
 
预约/预借
| 序号 | 登录号 | 条形码 | 馆藏地/架位号 | 状态 | 备注 |
| 1 | 770246 | 207702468 | 语言库209/209语言库 39排5列2层/ [索取号:H315.9/W062] | 在馆 | |
| 2 | 770247 | 207702477 | 语言库209/209语言库 39排5列2层/ [索取号:H315.9/W062] | 在馆 | |
| 3 | 770248 | 207702486 | 语言库209/209语言库 39排5列3层/ [索取号:H315.9/W062] | 在馆 | |
| 4 | 770249 | 207702495 | 语言库209/209语言库 39排5列3层/ [索取号:H315.9/W062] | 在馆 | |
| 5 | 770250 | 207702501 | 语言库209/209语言库 39排5列3层/ [索取号:H315.9/W062] | 在馆 |